00518nam a2200181Ia 4500008004100000020001800041082000800059100003100067245004400098250000600142260002600148300001400174500002400188650001000212942000700222952009000229999001700319230524s9999 xx 000 0 und d a9788183510004 bKRI aKVSG Murali Krishna941972 0a"Chemical Analysis of Water and Soil, " a3 aNew DelhibReemc2008 a"X,112p;" aQuantity Number: 1 aCivil cBK 00104070aTATCLbTATCLcGENd2023-05-24l0o KRIp53831r2023-05-24w2023-05-24yBK c56386d56386